000 00840cam a22002893a 4500
001 1709
003 PGUSA
005 20140828083005.0
008 990401s1999||||xxu|||||s|||||000 1 eng d
040 _aPGUSA
_beng
042 _adc
050 4 _aPR
100 1 _aGissing, George,
_d1857-1903
245 1 0 _aNew Grub Street
_h[electronic resource] /
_cGeorge Gissing
260 _bProject Gutenberg,
_c1999
506 _aPublic domain in the USA.
516 _aElectronic text
653 _aJournalists -- Fiction
653 _aAuthors -- Fiction
653 _aPsychological fiction
653 _aAuthors and publishers -- Fiction
653 _aLondon (England) -- Fiction
653 _aMan-woman relationships -- Fiction
830 0 _aProject Gutenberg
_v1709
856 4 0 _uhttp://www.gutenberg.org/ebooks/1709
942 _cEB
999 _c231055
_d231055